Responses for show #3663 - Wednesday, July 5, 2000

Johnny Gilbert accidentally announces Alex as "Glenn Trebek".

Contestants

Bill Wilcox, a project manager from San Diego, California

Cindy Olson, a dermatologist from Minneapolis, Minnesota

Glen Savory, an Air Force contracting officer originally from Georgetown, Massachusetts (whose 2-day cash winnings total $27,000)

Jeopardy! Round responses

THE BIBLE
SPORTSTALK
(Alex: In which you have to identify the sport.)
GOVERNMENT & POLITICS
ON THE "OUT"s
CHINA
RICE, RICE BABY
    $100 16
Psalms

Cindy
    $100 1
baseball

Cindy
    $100 6
whip

Bill
    $100 10
blackout

Glen
    $100 26
flooding

Cindy
    $100 21
Rice-A-Roni

Glen
    $200 17
Israel

Triple Stumper
    $200 2
ice hockey

Glen
    $200 7
Steve Forbes

Glen
    $200 11
Smokeout

Cindy
    $200 27
Buddhism

Glen
    $200 22
paddies

Glen
    $300 18
(Bill: What are crows?)

ravens

GlenBill
    $300 3
football

Glen
    $300 8
George Washington

Bill
    $300 12
a breakout

Glen
    $300 28
Mao

Glen
    $300 23
(Glen: What is bora-bora?)

beri-beri

GlenCindy
    $400 19
Stephen

Cindy
    $400 4
bowling

Cindy
    $400 9
elections

Cindy
    $800 14
fallout

Glen
    $400 29
Szechuan

Glen
    $400 24
Starch

Cindy
    $500 20
Acts of the Apostles

Triple Stumper
    $500 5
soccer

Glen
    $500 13
the 28th Amendment

Triple Stumper
    $500 15
a downspout

Cindy
    $500 30
the Gulf of Tonkin

Bill
    $500 25
(Bill: What is chaff?)
...
(Alex: We have less than a minute to go.)

threshing (or winnowing)

CindyBill

Scores at the first commercial break (after clue 14):

Glen Cindy Bill
$2,400 $1,100 $400

Scores at the end of the Jeopardy! Round:

Glen Cindy Bill
$3,600 $3,400 $100

Double Jeopardy! Round responses

LITERATURE
20TH CENTURY AMERICA
TITLE FILM FOLK
(Alex: Who played 'em?)
WHERE IT HAPPENED
FRENCH WEIGHTS & MEASURES
ENDS IN "TT"
    $200 1
Victor Hugo

Glen
    $200 11
Richard Nixon

Glen
    $200 6
Madonna

Bill
    $200 16
Africa (Lake Victoria)

Glen
    $200 26
litres

Bill
    $200 21
a putt

Bill
    $400 2
Australia

Glen
    $400 12
Oral Roberts

Glen
    $400 7
Julia Roberts

Cindy
    $400 17
the Green Mountain Boys

Glen
    $400 30
quarter to three (2:45)

Cindy
    $400 22
kilowatt

Glen
    $800 3
Charlotte Bronte

Glen
    $600 13
O. Henry

Cindy
    $600 8
Jennifer Lopez

Glen
    $600 18
Marco Polo

Glen
    $2,200 29
the curie

Glen
    $600 23
Babbitt

Cindy
    $800 4
William Butler Yeats

Triple Stumper
    $800 14
gas masks

Bill
    $800 9
Richard Roundtree

Glen
    $800 19
Nautilus

Cindy
    $800 28
an epée

Glen
    $800 24
a Lett

Cindy
    $1000 5
Nadine Gordimer

Cindy
    $1000 15
antibiotics

Cindy
    $1000 10
Spencer Tracy & Katharine Hepburn

Cindy
    $1000 20
Mexico City

Cindy
    $1000 27
(Glen: Who is Doppler?)
(Cindy: Who is Bernoulli?)

Gaspard Coriolis

GlenCindy
Triple Stumper
    $1000 25
Narragansett Bay

Cindy

Scores at the end of the Double Jeopardy! Round:

Glen Cindy Bill
$10,600 $11,000 $1,500

[wagering suggestions for these scores]

Final Jeopardy! Round responses

INVENTIONS
(Ban Roll-On Deodorant)
BillWhat Ball Point Pen
$1,500
GlenWhat is the jet engine
$4,000
CindyWhat is a popsicle?
$10,300
Ball Point Pen

Final scores:

Glen Cindy Bill
$6,600 $700 $3,000
3-day champion: $33,600 3rd place 2nd place

Game dynamics:

Coryat scores:

Glen Cindy Bill
$8,400 $11,000 $1,500
26 R
(including 3 DDs),
2 W
22 R,
1 W
7 R,
2 W

Combined Coryat: $20,900

The J! Archive is created by fans, for fans. The Jeopardy! game show and all elements thereof, including but not limited to copyright and trademark thereto, are the property of Jeopardy Productions, Inc. and are protected under law. This website is not affiliated with, sponsored by, or operated by Jeopardy Productions, Inc. Join the discussion at JBoard.tv.